Countries that give Citizenship by Birth - Statistics

General Stats
  • This quiz has been taken 29 times
  • The average score is 18 of 31
Answers on the Map
Answers color-coded by a green-red scale on the quiz's map according to % correct below.
 
Answer Stats
Answer % Correct
Canada
100%
United States
96%
Argentina
88%
Brazil
88%
Mexico
88%
Chile
84%
Ecuador
84%
Paraguay
84%
Peru
84%
Bolivia
80%
Cuba
76%
Panama
76%
Uruguay
76%
Venezuela
76%
El Salvador
68%
Honduras
68%
Nicaragua
68%
Costa Rica
60%
Guatemala
60%
Jamaica
52%
Dominica
40%
Saint Kitts and Nevis
36%
Saint Lucia
36%
Saint Vincent and the Grenadines
36%
Grenada
28%
Trinidad and Tobago
24%
Chad
4%
Tuvalu
4%
Fiji
0%
Lesotho
0%
Tanzania
0%
No matching quizzes found
Score Distribution
Percent of People with Each Score
Percentile by Number Answered
Your Score History
You have not taken this quiz